[Event "World Junior U20 Girls 2018"]
[Site "Gebze"]
[Date "2018.09.06"]
[Round "2"]
[White "Sade, Defne"]
[Black "Kamalidenova, Meruert"]
[Result "0-1"]
[WhiteElo "1826"]
[BlackElo "2011"]
[Annotator "NA"]
[PlyCount "208"]
[EventDate "2018.09.05"]
[EventType "swiss"]
[EventCountry "TUR"]
[SourceTitle "playchess.com"]
[Source "ChessBase"]
[SourceQuality "1"]
[TimeControl "40/5400+30:1800+30"]

1. e4 {[%emt 0:00:30]} c5 {[%emt 0:00:30]} 2. Nf3 {[%emt 0:00:00]} d6 {[%emt 0:00:30]} 3. Bb5+ {[%emt 0:00:00]} Nd7 {[%emt 0:00:00]} 4. O-O {[%emt 0:00:30]} a6 {[%emt 0:00:00]} 5. Bd3 {[%emt 0:00:00] B51: Sizilianisch (Rossolimo-Variante)} Ngf6 {[%emt 0:00:30]} 6. Re1 {[%emt 0:00:00]} (6. c3 b5 7. Bc2 Bb7 8. Re1 c4 9. a4 e6 10. axb5 axb5 11. Rxa8 Qxa8 12. Na3 Bxe4 13. Bxe4 Nxe4 {½-½ (58) Anand,V (2768)-So,W (2780) Saint Louis 2018}) 6... b5 {[%emt 0:00:30]} 7. c4 {[%emt 0:00:30]} Rb8 {[%emt 0:00:30]} 8. Nc3 {[%emt 0:10:30]} Ne5 {[%emt 0:02:30]} 9. Nxe5 {[%emt 0:02:30]} dxe5 {[%emt 0:02:30]} 10. Bf1 $146 {[%emt 0:00:30]} ({Vorgänger:} 10. Qe2 b4 11. Nd5 Nd7 12. Bc2 e6 {0-1 (41) Schnider,G (2419)-Can,E (2567) Graz 2017}) 10... b4 {[%emt 0:01:30]} 11. Nd5 {[%emt 0:00:30]} Nd7 {[%emt 0:02:30]} 12. d3 {[%emt 0:10:30]} e6 {[%emt 0:02:30]} 13. Ne3 {[%emt 0:00:30]} Be7 {[%emt 0:00:30]} 14. Ng4 {[%emt 0:06:30]} Bg5 {[%emt 0:03:30]} 15. Qf3 {[%emt 0:08:30]} Bb7 {[%emt 0:08:30]} 16. Qg3 {[%emt 0:01:30]} Bh4 {[%emt 0:04:30]} 17. Qh3 {[%emt 0:01:30]} h5 {[%emt 0:07:30]} 18. Ne3 {[%emt 0:00:30]} Qf6 {[%emt 0:00:30]} 19. g3 {[%emt 0:12:30]} Bg5 {[%emt 0:01:30]} 20. Ng4 {[%emt 0:08:30]} Qg6 {[%emt 0:03:30]} 21. Be2 {[%emt 0:05:30]} Bxc1 {[%emt 0:09:30]} 22. Raxc1 {[%emt 0:00:30]} Ke7 {[%emt 0:01:30]} 23. Qh4+ {[%emt 0:03:30]} f6 {[%emt 0:01:30]} 24. Ne3 {[%emt 0:00:30]} Qh6 {[%emt 0:01:30]} 25. Rf1 {[%emt 0:14:10]} g5 {[%emt 0:04:30]} 26. Qh3 {[%emt 0:00:06]} h4 {[%emt 0:02:30]} 27. g4 {[%emt 0:08:53]} Nf8 {[%emt 0:03:30]} 28. Rfd1 {[%emt 0:00:52]} Ng6 {[%emt 0:01:30]} 29. Ng2 {[%emt 0:02:18]} Rbc8 {[%emt 0:02:30]} 30. Rd2 {[%emt 0:01:20]} Rhd8 {[%emt 0:01:30]} 31. Rdc2 {[%emt 0:00:59]} Kf7 {[%emt 0:02:30]} 32. a3 {[%emt 0:00:36]} a5 {[%emt 0:02:30]} 33. a4 {[%emt 0:00:08]} Ne7 {[%emt 0:01:30]} 34. b3 {[%emt 0:00:21]} Nc6 {[%emt 0:02:30]} 35. Rb2 {[%emt 0:00:05]} Nd4 {[%emt 0:01:30]} 36. Bf1 {[%emt 0:00:12]} Qf8 {[%emt 0:01:30]} 37. Ne3 {[%emt 0:00:36]} Qd6 {[%emt 0:02:30]} 38. Nc2 {[%emt 0:00:46]} Nc6 {[%emt 0:00:30]} 39. Qe3 {[%emt 0:00:47]} h3 {[%emt 0:02:39]} 40. Ne1 {[%emt 0:00:00]} Rh8 {[%emt 0:00:00]} 41. Nf3 {[%emt 0:21:30]} Kg7 {[%emt 0:05:51]} 42. Be2 {[%emt 0:00:14]} Ne7 {[%emt 0:01:30]} 43. Rd2 {[%emt 0:00:53]} Ng6 {[%emt 0:03:30]} 44. Rcd1 {[%emt 0:00:17]} Bc6 {[%emt 0:01:30]} 45. Bf1 {[%emt 0:00:55]} Nf4 {[%emt 0:00:30]} 46. Rb1 {[%emt 0:01:54]} Rce8 {[%emt 0:00:30]} 47. Re1 {[%emt 0:02:57]} Kf7 {[%emt 0:01:30]} 48. Rb1 {[%emt 0:00:14]} Rhg8 {[%emt 0:00:30]} 49. Ne1 {[%emt 0:02:03]} f5 {[%emt 0:01:30]} 50. f3 {[%emt 0:00:21]} Rh8 {[%emt 0:03:30]} 51. Rf2 {[%emt 0:01:48]} Rh4 {[%emt 0:01:30]} 52. Be2 {[%emt 0:01:06]} Kg7 {[%emt 0:04:30]} 53. Rb2 {[%emt 0:02:35]} Rd8 {[%emt 0:01:30]} 54. Rd2 {[%emt 0:00:34]} Kg6 {[%emt 0:01:30]} 55. Bd1 {[%emt 0:00:14]} Kf6 {[%emt 0:01:30]} 56. Kf1 {[%emt 0:00:11]} Kg6 {[%emt 0:01:30]} 57. Kg1 {[%emt 0:00:06]} Rf8 {[%emt 0:02:30]} 58. Kf1 {[%emt 0:00:39]} Rh7 {[%emt 0:03:41]} 59. Kg1 {[%emt 0:00:59]} Rd8 {[%emt 0:00:09]} 60. Kf1 {[%emt 0:00:38]} Kf6 {[%emt 0:01:13]} 61. Kg1 {[%emt 0:00:30]} Rhd7 {[%emt 0:00:00]} 62. Bc2 {[%emt 0:00:00]} Qe7 {[%emt 0:00:39]} 63. Kf1 {[%emt 0:00:09]} Rd4 {[%emt 0:00:46]} 64. Bd1 {[%emt 0:01:15]} Qd6 {[%emt 0:02:47]} 65. Bc2 {[%emt 0:01:26]} fxe4 {[%emt 0:05:41]} 66. fxe4 {[%emt 0:00:10]} Bxe4 {[%emt 0:00:45]} 67. Qxh3 {[%emt 0:00:47]} Kg7 {[%emt 0:02:02]} 68. Qe3 {[%emt 0:00:15]} Kg6 {[%emt 0:04:13]} 69. Nf3 {[%emt 0:01:05]} Bxf3 {[%emt 0:01:39]} 70. Qxf3 {[%emt 0:00:17]} Rh8 {[%emt 0:01:13]} 71. Qb7 {[%emt 0:00:35]} Rb8 {[%emt 0:02:36]} 72. Qf3 {[%emt 0:00:07]} Qc7 {[%emt 0:00:00]} 73. Qg3 {[%emt 0:00:48]} Rh8 {[%emt 0:00:12]} 74. Qe3 {[%emt 0:00:00]} Rh4 {[%emt 0:00:43]} 75. Bd1 {[%emt 0:00:35]} Qd6 {[%emt 0:00:17]} 76. Rf3 {[%emt 0:00:48]} e4 {[%emt 0:01:08]} 77. Rg3 {[%emt 0:00:38]} Nxd3 {[%emt 0:01:22]} 78. Bc2 {[%emt 0:00:22]} Qf4+ {[%emt 0:00:41]} 79. Kg1 {[%emt 0:00:00]} Qxe3+ {[%emt 0:00:00]} 80. Rxe3 {[%emt 0:00:00]} Rxg4+ {[%emt 0:00:26]} 81. Kf1 {[%emt 0:00:27]} Rf4+ {[%emt 0:00:30]} 82. Kg1 {[%emt 0:00:30]} Ne5 {[%emt 0:00:30]} 83. Rxd4 {[%emt 0:00:14]} cxd4 {[%emt 0:00:07]} 84. Rxe4 $19 {[%emt 0:01:03]} d3 {[%emt 0:00:55]} 85. Rxf4 {[%emt 0:00:19]} dxc2 {[%emt 0:01:13]} 86. Rf1 {[%emt 0:00:05]} Nd3 {[%emt 0:00:01]} 87. c5 {[%emt 0:00:03]} Nxc5 {[%emt 0:00:12]} 88. Rc1 {[%emt 0:00:07]} Nxb3 {[%emt 0:00:06]} 89. Rxc2 {[%emt 0:00:04]} Nd4 {[%emt 0:00:15]} 90. Rc7 {[%emt 0:01:56]} b3 {[%emt 0:00:52]} 91. Rb7 {[%emt 0:00:06]} Kf5 {[%emt 0:00:09]} 92. Kf2 {[%emt 0:00:15]} Kf4 {[%emt 0:00:35]} 93. Rc7 {[%emt 0:02:23]} Nc2 {[%emt 0:01:19]} 94. Rb7 {[%emt 0:00:09]} Nb4 {[%emt 0:00:25]} 95. Rf7+ {[%emt 0:00:16]} Ke4 {[%emt 0:00:22]} 96. Ke2 {[%emt 0:00:07]} b2 {[%emt 0:01:06]} 97. Rf1 {[%emt 0:00:05]} Kd4 {[%emt 0:00:00]} 98. Kd2 {[%emt 0:00:35]} Kc4 {[%emt 0:00:04]} 99. Ke3 {[%emt 0:02:05]} Nc6 {[%emt 0:01:16]} 100. Ke4 {[%emt 0:00:29]} Kb3 {[%emt 0:00:15]} 101. Kd3 {[%emt 0:00:16]} Ka2 {[%emt 0:00:14]} 102. Kc4 {[%emt 0:00:47]} b1=Q {[%emt 0:00:40]} 103. Rxb1 {[%emt 0:00:07]} Kxb1 {[%emt 0:00:02]} 104. Kb5 {[%emt 0:00:07]} e5 {[%emt 0:00:07]} 0-1

[Event "World Junior U20 Girls 2018"]
[Site "Gebze"]
[Date "2018.09.06"]
[Round "2"]
[White "Catal, Uktenur"]
[Black "Hu, Yu A"]
[Result "0-1"]
[WhiteElo "1809"]
[BlackElo "2009"]
[Annotator "NA"]
[PlyCount "126"]
[EventDate "2018.09.05"]
[EventType "swiss"]
[EventCountry "TUR"]
[SourceTitle "playchess.com"]
[Source "ChessBase"]
[SourceQuality "1"]
[TimeControl "40/5400+30:1800+30"]

1. d4 {[%emt 0:00:30]} Nf6 {[%emt 0:02:30]} 2. c4 {[%emt 0:00:30]} e6 {[%emt 0:00:30]} 3. Nc3 {[%emt 0:00:00]} d5 {[%emt 0:00:00]} 4. cxd5 {[%emt 0:00:00]} exd5 {[%emt 0:00:00]} 5. Bg5 {[%emt 0:00:00]} Be7 {[%emt 0:00:00]} 6. e3 {[%emt 0:00:00]} c6 {[%emt 0:00:00]} 7. Bd3 {[%emt 0:00:00]} Be6 {[%emt 0:03:30]} 8. Nge2 {[%emt 0:00:00]} Nh5 {[%emt 0:00:30]} 9. Bxe7 {[%emt 0:01:30]} Qxe7 {[%emt 0:00:00]} 10. Qc2 {[%emt 0:04:30]} g6 {[%emt 0:00:00]} 11. O-O {[%emt 0:04:30]} O-O {[%emt 0:01:30]} 12. Rae1 {[%emt 0:01:30]} Nd7 {[%emt 0:04:30]} 13. a3 {[%emt 0:17:30]} Rfc8 {[%emt 0:05:30]} 14. e4 {[%emt 0:05:30]} dxe4 {[%emt 0:03:30]} 15. Bxe4 {[%emt 0:00:30]} Ndf6 {[%emt 0:01:30]} 16. Bf3 {[%emt 0:05:30]} Qd6 {[%emt 0:04:30]} 17. Ne4 {[%emt 0:06:30]} Nxe4 {[%emt 0:01:30]} 18. Bxe4 {[%emt 0:00:00]} Nf6 {[%emt 0:00:30]} 19. Bf3 {[%emt 0:01:00]} Bd5 {[%emt 0:05:30]} 20. Bxd5 {[%emt 0:01:30]} cxd5 {[%emt 0:02:30]} 21. Nc3 {[%emt 0:02:30]} Rc4 {[%emt 0:00:30]} 22. Rd1 {[%emt 0:04:30]} Rac8 {[%emt 0:01:30]} 23. Qb3 {[%emt 0:06:30]} a6 {[%emt 0:04:30]} 24. h3 {[%emt 0:11:30]} b5 {[%emt 0:00:30]} 25. Qc2 {[%emt 0:01:30]} b4 {[%emt 0:11:30]} 26. axb4 {[%emt 0:00:30]} Rxb4 {[%emt 0:00:00]} 27. Qe2 {[%emt 0:07:09]} Re8 {[%emt 0:01:00]} 28. Qd2 {[%emt 0:03:36]} Reb8 {[%emt 0:00:30]} 29. Qe3 {[%emt 0:05:56]} Rxb2 {[%emt 0:02:30]} 30. Qe5 {[%emt 0:00:02]} Rd8 {[%emt 0:02:30]} 31. Ra1 {[%emt 0:02:51]} Rc2 {[%emt 0:00:30]} 32. Qxd6 {[%emt 0:01:16]} Rxd6 {[%emt 0:00:30]} 33. Na4 {[%emt 0:00:22]} Ne4 {[%emt 0:01:30]} 34. f3 {[%emt 0:02:34]} Ng3 {[%emt 0:00:30]} 35. Rfd1 {[%emt 0:00:52]} Re6 {[%emt 0:03:30]} 36. Kh2 {[%emt 0:00:55]} Nf5 {[%emt 0:00:30]} 37. Rdc1 {[%emt 0:02:02]} Ree2 {[%emt 0:01:30]} 38. Rxc2 {[%emt 0:00:41]} Rxc2 {[%emt 0:00:00]} 39. Nc5 {[%emt 0:00:21]} Nxd4 {[%emt 0:00:00]} 40. Nxa6 {[%emt 0:00:19]} Nxf3+ {[%emt 0:00:00]} 41. Kg3 {[%emt 0:01:34]} Nd2 {[%emt 0:03:00]} 42. Rd1 {[%emt 0:00:30]} Ne4+ {[%emt 0:03:30]} 43. Kh2 {[%emt 0:02:30]} Rd2 {[%emt 0:04:30]} 44. Rxd2 {[%emt 0:01:30]} Nxd2 {[%emt 0:00:30]} 45. Kg3 {[%emt 0:00:30]} Kg7 {[%emt 0:00:30]} 46. Nb4 {[%emt 0:00:30]} d4 {[%emt 0:00:30]} 47. Nc6 {[%emt 0:00:30]} Nb3 {[%emt 0:00:30]} 48. Nb4 {[%emt 0:00:30]} Kf6 {[%emt 0:00:30]} 49. Kf4 {[%emt 0:00:30]} Ke6 {[%emt 0:00:30]} 50. Ke4 {[%emt 0:00:30]} f5+ {[%emt 0:00:30]} 51. Kf4 {[%emt 0:00:30]} Nc1 {[%emt 0:03:30]} 52. g4 {[%emt 0:04:30]} fxg4 {[%emt 0:11:30]} 53. hxg4 {[%emt 0:01:30]} Kd6 {[%emt 0:08:30]} 54. Ke4 {[%emt 0:05:40]} d3 {[%emt 0:00:30]} 55. Ke3 {[%emt 0:04:20]} Kc5 {[%emt 0:00:00]} 56. Na6+ {[%emt 0:00:33]} Kc4 {[%emt 0:00:00]} 57. Nc7 {[%emt 0:00:26]} h5 {[%emt 0:07:30]} 58. gxh5 {[%emt 0:00:30]} gxh5 {[%emt 0:00:00]} 59. Ne6 {[%emt 0:01:58]} Nb3 {[%emt 0:04:00]} 60. Nf4 {[%emt 0:05:18]} d2 {[%emt 0:00:30]} 61. Nd3 {[%emt 0:00:51]} Kc3 {[%emt 0:03:30]} 62. Nf2 {[%emt 0:00:25]} Kc2 {[%emt 0:01:30]} 63. Kf4 {[%emt 0:01:31]} Nc5 {[%emt 0:00:30]} 0-1

[Event "World Junior U20 Girls 2018"]
[Site "Gebze"]
[Date "2018.09.06"]
[Round "2"]
[White "Can, Isil"]
[Black "Li, Xinyu"]
[Result "0-1"]
[WhiteElo "1798"]
[BlackElo "2086"]
[Annotator "NA"]
[PlyCount "98"]
[EventDate "2018.09.05"]
[EventType "swiss"]
[EventCountry "TUR"]
[SourceTitle "playchess.com"]
[Source "ChessBase"]
[SourceQuality "1"]
[TimeControl "40/5400+30:1800+30"]

1. e4 {[%emt 0:00:30]} c5 {[%emt 0:00:30]} 2. Nf3 {[%emt 0:00:30]} d6 {[%emt 0:00:00]} 3. d4 {[%emt 0:00:00]} cxd4 {[%emt 0:00:00]} 4. Nxd4 {[%emt 0:00:00]} Nf6 {[%emt 0:00:30]} 5. Nc3 {[%emt 0:00:30]} a6 {[%emt 0:00:00]} 6. Bg5 {[%emt 0:00:30]} Nbd7 {[%emt 0:00:00]} 7. f4 {[%emt 0:00:00]} Qc7 {[%emt 0:00:00]} 8. Qe2 {[%emt 0:00:00]} e6 {[%emt 0:07:00]} 9. O-O-O {[%emt 0:00:00]} Be7 {[%emt 0:00:30]} 10. g4 $11 {[%emt 0:00:00]} O-O {[%emt 0:11:30]} 11. Bg2 {[%emt 0:00:30]} Re8 {[%emt 0:06:30]} 12. h4 {[%emt 0:05:30]} Nb6 {[%emt 0:08:30]} 13. h5 {[%emt 0:14:30]} e5 {[%emt 0:12:30]} 14. Nf5 {[%emt 0:01:30]} Bxf5 {[%emt 0:00:30]} 15. gxf5 {[%emt 0:00:30]} h6 {[%emt 0:00:00]} 16. Bxf6 {[%emt 0:08:30]} Bxf6 {[%emt 0:00:00]} 17. fxe5 {[%emt 0:07:30]} Rxe5 {[%emt 0:06:30]} 18. Qd3 {[%emt 0:04:30]} Rd8 {[%emt 0:00:30]} 19. Rhg1 {[%emt 0:03:30]} Kf8 {[%emt 0:12:30]} 20. Bf3 {[%emt 0:01:30]} Ra5 {[%emt 0:06:30]} 21. Kb1 {[%emt 0:04:30]} Bxc3 {[%emt 0:00:30]} 22. Qxc3 {[%emt 0:01:30]} Qxc3 {[%emt 0:00:30]} 23. bxc3 {[%emt 0:00:00]} Rc5 {[%emt 0:01:30]} 24. Rd3 {[%emt 0:07:00]} Na4 {[%emt 0:02:30]} 25. c4 {[%emt 0:01:30]} Nb6 {[%emt 0:00:30]} 26. e5 {[%emt 0:14:30]} Rxe5 {[%emt 0:07:44]} 27. Bxb7 {[%emt 0:02:30]} Rxf5 {[%emt 0:00:47]} 28. Bxa6 {[%emt 0:00:30]} Rxh5 {[%emt 0:00:00]} 29. Rgd1 {[%emt 0:01:30]} Ke7 {[%emt 0:00:24]} 30. Bb5 {[%emt 0:00:30]} Rc5 {[%emt 0:01:37]} 31. Rd4 {[%emt 0:01:30]} d5 {[%emt 0:02:47]} 32. Re1+ {[%emt 0:01:05]} Kf8 {[%emt 0:00:38]} 33. Re5 {[%emt 0:06:57]} f6 {[%emt 0:03:26]} 34. Rh5 {[%emt 0:00:57]} Kf7 {[%emt 0:01:27]} 35. a4 {[%emt 0:02:53]} Kg6 {[%emt 0:00:34]} 36. Rhh4 {[%emt 0:00:36]} Nxc4 {[%emt 0:02:28]} 37. Bxc4 {[%emt 0:01:27]} Rxc4 {[%emt 0:00:30]} 38. Rxc4 {[%emt 0:00:30]} dxc4 {[%emt 0:00:02]} 39. Rxc4 {[%emt 0:00:00]} Kf5 {[%emt 0:00:28]} 40. a5 {[%emt 0:00:00]} g5 {[%emt 0:00:00]} 41. a6 {[%emt 0:01:35]} h5 {[%emt 0:01:08]} 42. a7 {[%emt 0:00:30]} Ra8 {[%emt 0:00:30]} 43. Ra4 {[%emt 0:00:00]} h4 {[%emt 0:00:30]} 44. Kc1 {[%emt 0:00:00]} h3 {[%emt 0:00:30]} 45. Kd2 {[%emt 0:00:30]} h2 {[%emt 0:00:30]} 46. Ra1 {[%emt 0:00:30]} Rxa7 {[%emt 0:00:30]} 47. Rxa7 {[%emt 0:00:30]} h1=Q {[%emt 0:00:30]} 48. Ra3 {[%emt 0:00:30]} g4 {[%emt 0:00:00]} 49. c4 {[%emt 0:00:00]} Qe4 {[%emt 0:00:00]} 0-1

[Event "World Junior U20 Girls 2018"]
[Site "Gebze"]
[Date "2018.09.06"]
[Round "2"]
[White "Zairbek kyzy, Begimay"]
[Black "Nemcova, Karin"]
[Result "1/2-1/2"]
[WhiteElo "1770"]
[BlackElo "1990"]
[Annotator "NA"]
[PlyCount "59"]
[EventDate "2018.09.05"]
[EventType "swiss"]
[EventCountry "TUR"]
[SourceTitle "playchess.com"]
[Source "ChessBase"]
[SourceQuality "1"]
[TimeControl "40/5400+30:1800+30"]

1. e4 {[%emt 0:00:30]} c5 {[%emt 0:00:30]} 2. c3 {[%emt 0:00:00]} d5 {[%emt 0:00:00]} 3. exd5 {[%emt 0:00:00]} Qxd5 {[%emt 0:00:00]} 4. d4 {[%emt 0:00:30]} Nc6 {[%emt 0:02:30]} 5. Nf3 {[%emt 0:00:30]} Bf5 {[%emt 0:00:30]} 6. Be3 {[%emt 0:04:30]} Bxb1 {[%emt 0:07:30]} 7. Rxb1 {[%emt 0:03:30]} cxd4 {[%emt 0:03:30]} 8. Nxd4 {[%emt 0:00:30]} Nf6 {[%emt 0:08:30]} 9. Be2 {[%emt 0:12:30]} Nxd4 {[%emt 0:21:30]} 10. Bxd4 {[%emt 0:00:30]} O-O-O {[%emt 0:07:30]} 11. O-O {[%emt 0:08:30]} e5 {[%emt 0:03:30]} 12. Be3 {[%emt 0:07:30]} a6 {[%emt 0:10:30]} 13. Qa4 {[%emt 0:01:30]} Qd7 {[%emt 0:03:30]} 14. Qb3 {[%emt 0:00:30]} Bd6 {[%emt 0:00:30]} 15. c4 {[%emt 0:05:30]} Bc7 {[%emt 0:06:30]} 16. c5 {[%emt 0:00:30]} e4 {[%emt 0:04:52]} 17. c6 {[%emt 0:02:30]} Qxc6 {[%emt 0:00:11]} 18. Rbc1 {[%emt 0:00:30]} Qd6 {[%emt 0:00:39]} 19. g3 {[%emt 0:00:30]} Rd7 {[%emt 0:03:06]} 20. Qa4 {[%emt 0:05:30]} Rhd8 {[%emt 0:03:22]} 21. Ba7 {[%emt 0:08:30]} Re8 {[%emt 0:04:48]} 22. b4 {[%emt 0:03:30]} b5 {[%emt 0:03:41]} 23. Qa3 {[%emt 0:11:30]} Kb7 {[%emt 0:01:03]} 24. Bc5 {[%emt 0:00:00]} Qe6 {[%emt 0:02:45]} 25. Bxb5 {[%emt 0:02:00]} Rd2 {[%emt 0:00:53]} 26. Bxe8 {[%emt 0:01:30]} Rxa2 {[%emt 0:00:16]} 27. Qc3 {[%emt 0:03:04]} Qxe8 {[%emt 0:00:09]} 28. Bd4 {[%emt 0:00:27]} Qd7 {[%emt 0:01:08]} 29. Bxf6 {[%emt 0:00:48]} gxf6 {[%emt 0:00:07]} 30. Rfd1 {[%emt 0:00:00]} 1/2-1/2

[Event "World Junior U20 Girls 2018"]
[Site "Gebze"]
[Date "2018.09.06"]
[Round "2"]
[White "Yorgun, Yaren Naz"]
[Black "Nomin-Erdene, Davaademberel"]
[Result "0-1"]
[WhiteElo "1751"]
[BlackElo "2377"]
[Annotator "NA"]
[PlyCount "90"]
[EventDate "2018.09.05"]
[EventType "swiss"]
[EventCountry "TUR"]
[SourceTitle "playchess.com"]
[Source "ChessBase"]
[SourceQuality "1"]
[TimeControl "40/5400+30:1800+30"]

1. e4 {[%emt 0:00:30]} c6 {[%emt 0:00:30]} 2. d4 {[%emt 0:00:30]} d5 {[%emt 0:00:30]} 3. e5 {[%emt 0:00:00]} Bf5 {[%emt 0:00:30]} 4. c4 {[%emt 0:00:00]} e6 {[%emt 0:00:30]} 5. Nc3 {[%emt 0:00:00]} Nd7 {[%emt 0:00:30]} 6. a3 {[%emt 0:00:00]} dxc4 {[%emt 0:00:30]} 7. Bxc4 {[%emt 0:00:30]} Ne7 {[%emt 0:00:30]} 8. Nge2 {[%emt 0:00:30]} Nd5 {[%emt 0:00:30]} 9. O-O {[%emt 0:00:30]} Be7 {[%emt 0:00:30]} 10. Ng3 {[%emt 0:00:30]} Bg6 {[%emt 0:19:30]} 11. f4 {[%emt 0:20:30]} N7b6 {[%emt 0:12:30]} 12. Bb3 {[%emt 0:02:30]} Qd7 {[%emt 0:08:30]} 13. Nce4 {[%emt 0:05:30]} O-O-O {[%emt 0:04:30]} 14. a4 {[%emt 0:13:30]} Nc7 {[%emt 0:06:30]} 15. Be3 {[%emt 0:07:30]} Nbd5 {[%emt 0:02:30]} 16. Bd2 {[%emt 0:01:30]} h5 {[%emt 0:02:30]} 17. Nc3 {[%emt 0:02:30]} h4 {[%emt 0:06:30]} 18. Nge2 {[%emt 0:03:30]} h3 {[%emt 0:06:30]} 19. g3 {[%emt 0:00:30]} c5 {[%emt 0:01:30]} 20. Nxd5 {[%emt 0:03:30]} Nxd5 {[%emt 0:00:30]} 21. Rc1 {[%emt 0:02:30]} Kb8 {[%emt 0:00:30]} 22. Bc4 {[%emt 0:07:30]} Qc6 {[%emt 0:04:30]} 23. Bb5 {[%emt 0:03:30]} Qb6 {[%emt 0:00:30]} 24. Qe1 {[%emt 0:00:30]} Nb4 {[%emt 0:00:30]} 25. Bxb4 {[%emt 0:02:30]} cxb4 {[%emt 0:00:30]} 26. Qf2 {[%emt 0:00:30]} f6 {[%emt 0:00:53]} 27. Rfd1 {[%emt 0:04:07]} fxe5 {[%emt 0:03:17]} 28. fxe5 {[%emt 0:00:58]} Bh5 {[%emt 0:00:32]} 29. d5 {[%emt 0:02:07]} exd5 {[%emt 0:08:10]} 30. Qxb6 {[%emt 0:02:53]} axb6 {[%emt 0:00:03]} 31. Rf1 {[%emt 0:02:51]} Bc5+ {[%emt 0:00:45]} 32. Rxc5 {[%emt 0:00:43]} bxc5 {[%emt 0:00:33]} 33. Nf4 {[%emt 0:00:08]} Be8 {[%emt 0:02:19]} 34. Be2 {[%emt 0:01:38]} c4 {[%emt 0:01:27]} 35. Ne6 {[%emt 0:01:18]} Rc8 {[%emt 0:01:18]} 36. Nd4 {[%emt 0:00:52]} c3 {[%emt 0:00:30]} 37. bxc3 {[%emt 0:00:00]} bxc3 {[%emt 0:00:00]} 38. Rc1 {[%emt 0:00:00]} Bxa4 {[%emt 0:00:17]} 39. e6 {[%emt 0:00:03]} c2 {[%emt 0:01:32]} 40. Bd3 {[%emt 0:00:00]} Rc3 {[%emt 0:00:00]} 41. Bf1 {[%emt 0:03:52]} Re3 {[%emt 0:02:24]} 42. Kf2 {[%emt 0:00:30]} Re4 {[%emt 0:00:30]} 43. Nf3 {[%emt 0:01:30]} Rxe6 {[%emt 0:00:30]} 44. Ng5 {[%emt 0:01:30]} Rf8+ {[%emt 0:00:30]} 45. Kg1 {[%emt 0:00:30]} Rb6 {[%emt 0:00:00]} 0-1

[Event "World Junior U20 Girls 2018"]
[Site "Gebze"]
[Date "2018.09.06"]
[Round "2"]
[White "Gur, Tuba"]
[Black "Celik, Eda"]
[Result "1-0"]
[WhiteElo "1724"]
[BlackElo "1970"]
[Annotator "NA"]
[PlyCount "79"]
[EventDate "2018.09.05"]
[EventType "swiss"]
[EventCountry "TUR"]
[SourceTitle "playchess.com"]
[Source "ChessBase"]
[SourceQuality "1"]
[TimeControl "40/5400+30:1800+30"]

1. d4 {[%emt 0:00:30]} Nf6 {[%emt 0:00:30]} 2. Nf3 {[%emt 0:00:00]} c5 {[%emt 0:00:30]} 3. e3 {[%emt 0:00:00]} g6 {[%emt 0:00:30]} 4. c4 {[%emt 0:00:30]} Bg7 {[%emt 0:00:30]} 5. Nc3 {[%emt 0:00:30]} O-O {[%emt 0:01:30]} 6. Be2 {[%emt 0:00:00]} cxd4 {[%emt 0:00:30]} 7. exd4 {[%emt 0:00:00]} d5 {[%emt 0:00:30]} 8. O-O {[%emt 0:00:30]} Nc6 {[%emt 0:00:30]} 9. Bf4 {[%emt 0:05:30]} dxc4 {[%emt 0:17:30]} 10. Bxc4 {[%emt 0:09:30]} Na5 {[%emt 0:17:30]} 11. Be2 {[%emt 0:03:30]} Be6 {[%emt 0:01:30]} 12. Rc1 {[%emt 0:27:30]} Rc8 {[%emt 0:09:30]} 13. b3 {[%emt 0:09:30]} Rxc3 {[%emt 0:14:30]} 14. Rxc3 {[%emt 0:01:30]} Nd5 {[%emt 0:00:30]} 15. Qc1 {[%emt 0:05:30]} Nxc3 {[%emt 0:01:30]} 16. Qxc3 {[%emt 0:00:30]} Nc6 {[%emt 0:00:30]} 17. Rd1 {[%emt 0:02:30]} Bg4 {[%emt 0:02:30]} 18. Be3 {[%emt 0:04:30]} Qd5 {[%emt 0:07:30]} 19. h3 Bf5 {[%emt 0:03:52]} 20. Bc4 {[%emt 0:09:52]} Qd6 {[%emt 0:01:03]} 21. Qd2 {[%emt 0:01:18]} Rd8 {[%emt 0:03:09]} 22. Bf4 {[%emt 0:03:39]} Qb4 {[%emt 0:03:08]} 23. d5 {[%emt 0:09:25]} Bc3 {[%emt 0:04:49]} 24. Qe3 {[%emt 0:01:11]} b5 {[%emt 0:02:04]} 25. Be2 {[%emt 0:02:03]} Na5 {[%emt 0:05:08]} 26. Bc7 {[%emt 0:00:17]} Rd7 {[%emt 0:01:09]} 27. a3 {[%emt 0:00:30]} Qe4 {[%emt 0:00:34]} 28. Qxc3 {[%emt 0:00:07]} Qxe2 {[%emt 0:00:29]} 29. Re1 {[%emt 0:00:15]} Qc2 {[%emt 0:00:51]} 30. Bxa5 {[%emt 0:00:05]} Rxd5 {[%emt 0:00:07]} 31. Rxe7 {[%emt 0:01:25]} Rd1+ {[%emt 0:00:47]} 32. Kh2 {[%emt 0:00:00]} Qxc3 {[%emt 0:00:36]} 33. Bxc3 {[%emt 0:00:07]} Kf8 {[%emt 0:00:30]} 34. Rxa7 {[%emt 0:00:30]} Rd3 {[%emt 0:00:30]} 35. Bb4+ {[%emt 0:00:30]} Kg7 {[%emt 0:00:30]} 36. Ne5 {[%emt 0:00:30]} Rxb3 {[%emt 0:00:30]} 37. Nxf7 {[%emt 0:00:30]} Kf6 {[%emt 0:00:30]} 38. Nd6 {[%emt 0:00:30]} Be6 {[%emt 0:00:00]} 39. Nxb5 {[%emt 0:00:00]} Rb2 {[%emt 0:00:43]} 40. Bc3+ {[%emt 0:00:00]} 1-0